• 首页
  • 本馆介绍
  • 公告通知
  • 最新文献
  • 馆藏检索
  • 电子资源
  • 读者导购
  • 参考咨询
  • 我的图书馆
  • 登录
  • 详细信息显示
  • 放入我的书架
  • 预约/预借图书
  • 作者相关作品
  • 分类相关作品
  • 丛书相关作品
  • 出版社相关作品

书目信息

  • 表格格式
  • 工作单格式
  • 卡片格式
题名:
中华人民共和国民法通则注释全书
    
 
作者: 傅云贤 编著 ;法律出版社 编
分册:  
出版信息: 北京   法律出版社  2012
页数: 32,616页
开本: 23cm
丛书名:
单 册:
中图分类: D923.05
科图分类:
主题词: 民法--法律解释--中国 , 民法 , 法律解释
电子资源:
ISBN: 978-7-5118-2735-7
000 01222nam0 2200289 450
001 523
005 20140908084911.34
010    @a978-7-5118-2735-7@dCNY88.00
100    @a20120508d2012 em y0chiy50 ea
101 0  @achi
102    @aCN@b110000
105    @ay z 001yy
106    @ar
200 1  @a中华人民共和国民法通则注释全书@AZhong Hua Ren Min Gong He Guo Min Fa Tong Ze Zhu Shi Quan Shu@dGeneral principles of the civil law of the people's republic of China commentary & application@f傅云贤编著@FFu Yun Xian Bian Zhu@g法律出版社法规中心编@zeng
210    @a北京@c法律出版社@d2012
215    @a32,616页@d23cm
300    @a中华人民共和国法律法规·注释全书·系列 01
330    @a本书以《中华人民共和国民法通则》条文及其释义为线索,全面汇编整理与条文内容密切相关的关联条文、典型案例、文书范本、认定标准和流程图表。
510 1  @aGeneral principles of the civil law of the people's republic of China commentary & application@zeng
606 0  @a民法@x法律解释@y中国
606 0  @a民法
606 0  @a法律解释
690    @aD923.05@v5
701  0 @a傅云贤@AFu Yun Xian@4编著
712 02 @a法律出版社@AFa Lu^ Chu Ban She@b法规中心@4编
801  0 @aCN@bTANGWEI@c20140603
905    @b0840476-78@dD923.05@e1186@f3
    
    中华人民共和国民法通则注释全书=General principles of the civil law of the people's republic of China commentary & application/傅云贤编著/法律出版社法规中心编.-北京:法律出版社,2012
    32,616页;23cm
    中华人民共和国法律法规·注释全书·系列 01
    
    ISBN 978-7-5118-2735-7:CNY88.00
    本书以《中华人民共和国民法通则》条文及其释义为线索,全面汇编整理与条文内容密切相关的关联条文、典型案例、文书范本、认定标准和流程图表。
●
相关链接 在E读中查询图书 在五车中查询图书 在当当中查询图书 在豆瓣中查询图书


正题名:中华人民共和国民法通则注释全书     索取号:D923.05/1186         预约/预借

序号 登录号 条形码 馆藏地/架位号 状态 备注
1 0840476   208404760   第一样本阅览室/ [索取号:D923.05/1186] 在馆    
2 0840477   208404779   史法系资料室/ [索取号:D923.05/1186] 在馆    
3 0840478   208404788   第一借阅区/ [索取号:D923.05/1186] 已借出,限还日期为2019.03.18
借出人:勾建国  
 
唐山师范学院图书馆 欢迎您!
大连网信软件有限公司© 版权所有